| 000 | 00751nam a2200181 a 4500 | ||
|---|---|---|---|
| 008 | 080915s2007 ||||||||||||||||| || u | ||
| 050 | _aIBRD(08) | ||
| 100 | _aKaltani, Linda | ||
| 245 | 1 | 0 | _aPost-Conflict Aid, Real Exchange Rate Adjustment, and catch-up Growth |
| 260 |
_aWashington, D. C. _bWorld Bank _c2007 |
||
| 300 | _a43p. ;ill. | ||
| 350 | _a0.00 | ||
| 490 | _aWorld Bank policy research working papers | ||
| 650 | _aOFFICIAL DEVELOPMENT ASSISTANCE--REAL EXCHANGE RATE ADJUSTMENT--RESEARCH | ||
| 700 | _aElbadawi, Ibrahim | ||
| 700 | _aSchmidt-Hebbel, Klaus | ||
| 995 |
_D0.00 _FCBU-MAIN LIBRARY (Kitwe) _H1 _I0.00 _M1 _UAVAILABLE _WSep 15, 2008 _ZInternational Publications |
||
| 999 |
_c54060 _d54060 |
||